1537 1061 1812 1313 1180 1169 1890 1014 1121 1251 1180 1982 1902 1631 1782 1630 1302 1169 1838 1219 1151 1850 1426 1355 1316 1721 1316 1999 1079 1944 1811 1179 1265 1226 1832 1121 1834 1023 1836 1807 1985 1648 1230 1518 1276 1170 1035 1199 1699 1404 1871 1513 1497 1965 1916 1485 1299 1200 1780 1839 1181 1141 1359 1518 1766 1588 1447 1342 1638 1277 1078 1454 1895 1908 1374 1730 1756 1772 1212 1171 1210 1615 1860 1602 1264 1051 1641 1721 1161 1209 1374 1089 1811 1244 1150 1000 1174 1018 1573 BCNSPRNW ULIB Ver.6.0+V

เปลี่ยนเป็นภาษาไทย

Change to English
 แสดงรายละเอียดบรรณานุกรม
  กลับหน้าหลัก

Brief Record : Get Marc (ISO 2709) : E-mail record : QR code < ปิดหน้าต่าง
LEADER : 00000nam 2200000uu 4500
001    13399127370
003     ULIB
008    200513s2020||||th 000 0 tha d
020    ^a9780323551281 (pbk.)
060 04 ^aQV748^bO34c
100 1  ^aOgden, Sheila J.,
245 10 ^aCalculation of drug dosages :^ba work text /^cSheila J.Ogden, Linda K. Fluharty
250    ^a11th ed.
260    ^aSt. Louis, Mo. :^bMosby/Elsevier,^c2020
300    ^axx, 615 p. :^bill. (some col.) ;^c28 cm.
504    ^aIncludes bibliographical references and index
650  0 ^aPharmaceutical arithmetic^xProgrammed instruction
650  0 ^aDrugs^xDosage^xProgrammed instruction
650  2 ^aPharmaceutical Preparations^xadministration & dosage^vProblems and Exercises
650  2 ^aDrug Dosage Calculations^vProblems and Exercises
700 1  ^aFluharty, Linda K.
945    ^p2125^l0^i007043
999    ^aอังศุธร กาญจนาโรจน์พันธ์
รายการนี้ยังไม่มีแท็ก
คุณยังไม่ได้ล็อกอิน คุณสามารถมีกิจกรรมร่วมกับเว็บไซต์ได้ แต่ต้องล็อกอินก่อน ::
  ล็อกอิน

รายการสื่อสารสนเทศ

ลำดับที่ ประเภท เลขเรียก/บาร์โค้ด สถานที่ สถานะ
1. วิทยาศาสตร์การแพทย์ และสุขภาพ
หนังสือสำรอง
สถานะ=หนังสือสำรอง
QV748 O34c ฉ.1 
  Barcode: 007043
ห้องสมุดวิทยาเขตสวรรค์ประชารักษ์
►หนังสือทั่วไป
บนชั้น

รายการใกล้เคียง
    ผู้แต่ง [Ogden, Sheila J.,]

BibComment


ยังไม่เคยถูกคอมเมนท์

คอมเมนท์ทรัพยากรรายการนี้
  คอมเมนท์: Calculation of d..


 Copyright 2026. Bcnsprnw @Library